000 00504nam a2200217Ia 4500
003 0100
008 130303s9999 xx 000 0 und d
020 _a0268019428
040 _cARRUPELIB
050 _aB105.J87M33 1988
100 _aMacIntyre, Alasdair
245 _aWhose justice? Which Rationality?
260 _aIndiana
260 _bNotre Dame
260 _C1988
300 _a410p.
300 _b 24cm.
650 _aPHILOSOPHY
650 _bChristianity--Philosophy
942 0 0 _09
999 _c22073
_d22073